| 000 | 00658nam a2200193 4500 | ||
|---|---|---|---|
| 001 | 136068 | ||
| 003 | ES-MaACL | ||
| 005 | 20250914145935.0 | ||
| 007 | t| | ||
| 008 | 070214s1914 sp r ||||1| spa d | ||
| 100 | 1 |
_aRowe, L. S. ( _d1871-1946) _9100177 |
|
| 245 | 1 | 3 |
_aEl gobierno de la ciudad y sus problemas / _cLeo Stanton Rowe ;traducción española de Lucila G. Posada ; prólogo de Adolfo Posada. |
| 260 |
_aMadrid : _b[s.n.], _c1914 ( _fImp. Clásica) |
||
| 300 |
_aXXXV, 413 p. ; _c19 cm. |
||
| 700 | 1 |
_aPosada, Lucila G. _993325 |
|
| 700 | 1 |
_aPosada, Adolfo, _d1860-1944 _993316 |
|
| 852 |
_aES-MaACL _jD-1365 |
||
| 999 |
_c136068 _d136068 |
||